| 000 | 00846nam a22002417a 4500 | ||
|---|---|---|---|
| 005 | 20100529124040.0 | ||
| 008 | 100529t xxu||||| |||| 00| 0 eng d | ||
| 010 | _aENG-96187 | ||
| 020 |
_a9780070699373 _c425.00 |
||
| 020 |
_a0070699372 _c425.00 |
||
| 035 | _aEN-79720 | ||
| 037 | _bDBAD/PUB | ||
| 040 |
_aDPL _bEng |
||
| 082 | _a000 | ||
| 100 | _aBhardwaj, A.P. | ||
| 245 |
_aStudy package for CLAT & LL.B entrance examinations / _cby A.P. Bhardwaj |
||
| 260 |
_aNew Delhi _bTata McGraw Hill _c2010 |
||
| 270 |
_a7 West Patel Nagar _bNew Delhi _e110008 |
||
| 300 |
_avarious pagings _c24 cm (pbk) |
||
| 490 | _aTata McGraw Hill's winning edge series | ||
| 942 |
_2ddc _cEN _mBHA _h000 |
||
| 999 |
_c36376 _d36376 |
||